000 00502nam a22001937a 4500
001 00555
003 DO-SdBNP
005 20160616152527.0
007 00555
008 160616b dr 2005|||| |||| 00| 0 spa d
040 _aBPMSU
_bspa
_cBPMSU
092 _axxxxxxxx
_bxxxxxxxx
100 1 _aThen Cruz, Nelson
245 1 0 _aVerdecito /
_cNelson Then Cruz
260 _a[Santo Domingo] :
_b[n. n.] ,
_c2005.
300 _a39 p. :
_bil.,
_c14 cm.
942 _2ddc
_cBK
956 _aBTAVÁREZ
_b10
_c20161606
_d00555
999 _c10423
_d10423